[Event "Drury Lane"]
[Site "London"]
[Date "1997.06.22"]
[Round "7"]
[White "Dunnington, Angus J"]
[Black "Parker, Jonathan"]
[Result "1/2-1/2"]
[WhiteElo "2445"]
[BlackElo "2495"]
[Annotator "Ribli,Z"]
[PlyCount "62"]
[EventDate "1997.06.16"]
[EventType "tourn"]
[EventRounds "9"]
[EventCountry "ENG"]
[EventCategory "10"]
[SourceTitle "CBM 060"]
[Source "ChessBase"]
[SourceDate "1997.09.29"]
[SourceVersion "1"]
[SourceVersionDate "1997.09.29"]
[SourceQuality "1"]

1. d4 d5 2. Nf3 Nf6 3. c4 e6 4. g3 Be7 5. Bg2 O-O 6. O-O dxc4 7. Qc2 a6 8. Qxc4
{8. a4 is more popular at the moment, but I don't like the weak b4-square!} b5
9. Qc2 Bb7 10. Bg5 {Weiß verfolgt eine einfache Strategie. Er tauscht den
Springer auf f6 und spielt Nd2-b3. Schwarz hat Schwächen am Damenflügel.
Besonders das Feld c5 ist schwach.} (10. Bf4 $5) (10. Bd2) 10... Nbd7 11. Bxf6
(11. Nbd2 c5 12. Bxf6 gxf6 $1 $132) 11... Nxf6 12. Nbd2 Rc8 13. Nb3 {[%csl Rc5]
[%cal Rb3c5]} c5 {Schwarz opfert einen Bauern und er bekommt etwas aktives
Spiel.Wenn Weiß Nc5 spielen kann, hat er eine positionell klar überlegene
Stellung.} (13... Be4) 14. dxc5 a5 {Schwarz spielt gegen den weißen Springer
und attackiert so den c5-Bauern.} (14... Bd5 15. Rfd1 Bxb3 (15... Qc7 16. Rac1
Bxb3 17. Qxb3 Bxc5 18. e3 Qb6 19. Rc2 (19. Ne5 Rfd8 (19... Rc7 20. Rc3 Rfc8 21.
Rdc1 Nd7 22. Nd3 Bf8 23. Bf3 {1/2-1/2 Har Zvi,R-Soffer,R/Tel Aviv-B 1992}) 20.
Rxd8+ Rxd8 21. Bf3 Nd5 22. Kg2 Ne7 23. Rc2 {1/2-1/2 Shipov,S-Kiriakov,P/RUS-ch
Elista 1994}) 19... Nd5 20. Ne5 Nf6 21. Rdc1 Kh8 22. a4 h6 23. a5 Qd6 24. Nd3
Nd7 25. Nxc5 Rxc5 26. Rxc5 Nxc5 27. Qa3 {1-0 Spiridonov,N-Sehrt,J/Lugano op
1989}) 16. Qxb3 Qc7 17. a4 Qxc5 18. axb5 axb5 19. Ne1 (19. Nd4 b4 20. e3 Rfd8
21. Rd2 Qb6 {1/2-1/2 Kasparov,G-Karpov,A/Wch33-KK3 ENG\URS 1986}) 19... Qb6 20.
Qa2 Rfd8 21. Rxd8+ Qxd8 22. Nd3 b4 23. Qa7 Nd7 24. Bf3 g6 25. Kg2 Bf8 26. Ra5 {
1-0 Dizdarevic,E-Rivas Pastor,M/Bor 1986 (40)}) (14... Be4 $5 15. Qc3 Bd5 16.
Rfd1 (16. Ne1 Bxg2 17. Kxg2 Bxc5 (17... Ne4 18. Qf3 Nxc5 19. Nxc5 Bxc5 20. Nd3
Bd4 21. a4 {1/2-1/2 Rogers,I-Almasi,Z/BL9697 Dresden-Delmenhorst 1997 (27)})
18. Nxc5 Qd5+ 19. Qf3 Rxc5 20. Qxd5 Nxd5 21. Nd3 Rc2 22. Kf3 Rfc8 23. Rac1 Kf8
24. Rxc2 Rxc2 25. Rc1 Rxc1 26. Nxc1 Ke7 $11 {Rogers,I-Almasi,Z/Linz 1997/0-1 
(72)}) 16... Ne4 {A natural, but seldomly played move.} 17. Qe3 (17. Qe1 Qc7
18. Nfd2 Bxb3 (18... Nxd2 $5 19. Rxd2 Bxb3 20. axb3 Bxc5 21. Rd3 Qb6 $11) 19.
Nxb3 Nxc5 20. Rac1 Qb6 {1/2-1/2 Andersson,U-Beliavsky,A/It, Ubeda ESP 1997 (41)
}) 17... Qc7 18. Nfd4 Nf6 19. Rac1 Rfd8 20. c6 g6 {0-1 Neckar,L-Donev,I/Lenk
op 1991 (37)}) 15. a4 Be4 16. Qc3 b4 17. Qe3 Bd5 (17... Qd5 18. Rfd1 Qh5 19.
Rdc1 $1 (19. Rac1 Bd5 20. Nbd4 Ng4 21. Qf4 Bxf3 22. Nxf3 Bxc5 23. e3 Nf6 24.
Qe5 Qxe5 25. Nxe5 Bb6 26. Bf3 {1-0 Schlosser,P-Braun,M/BL8889 1989 (30)}) 19...
Bd5 20. h3 Bxb3 21. Qxb3 Bxc5 22. e3 Nd7 23. Rc4 Ne5 24. Nxe5 Qxe5 25. Rac1 Rc7
26. Qc2 Rfc8 27. Bb7 b3 28. Qc3 Qxc3 29. R1xc3 Rxb7 30. Rxc5 Rxc5 31. Rxc5 Kf8
32. Rxa5 {1-0 Hulak,K-Lalic,B/Pula tt 1989 (49)}) (17... Qc7 18. Rfc1 Bd5 19.
Nfd4 Rfd8 20. Bxd5 Nxd5 21. Qf3 Bf6 22. Rc2 {1-0 Pecorelli Garcia,H-Sieiro
Gonzalez,L/Villa Clara op 1995 (38)}) 18. Rfd1 (18. Nfd2 Bxg2 19. Kxg2 Nd5 20.
Qd3 Bxc5 21. Qb5 Bb6 22. e4 Nf6 23. Rac1 Rxc1 24. Rxc1 Ng4 25. Rf1 f5 {1/2-1/2
Beil,Z-Arlandi,E/Reggio mem Chicco 1991 (34)}) (18. Rfc1 Nd7 19. Nfd2 {1/2-1/2
Baburin,A-Wells,P/Ubeda op 1996}) 18... Qc7 {[%csl Rc5]} 19. Nfd4 (19. Rac1 $5
Bxb3 20. Qxb3 Bxc5 21. e3 $14 {Wir haben eine symmetrische Bauernstruktur,
aber Schwarz hat einige Schwächen am Damenflügel sein Läufer hat keine Wirkung.
}) 19... Bxg2 20. Kxg2 Bxc5 21. Rac1 Bxd4 22. Qxd4 Qb7+ 23. Kg1 Qa6 {[%cal
Ra6e2]} 24. Rxc8 $6 $146 {Interessant, erst mit diesem Zug weicht Weiß von
bekannten Vorbilderna ab.} (24. Qe5 Nd5 25. e4 $1 $146 Nb6 26. Rxc8 Qxc8 27.
Rc1 (27. Qxa5 $1 Qc2 28. Rd4 $1 Qxb3 29. Qxb6 $16 {Aagaard}) 27... Qd7 28. Qxa5
Qxa4 29. Qxb6 Qxb3 30. Qd4 $14 {1-0 Hansen,L-Hansen,S/DEN-ch 1996 (40)}) 24...
Rxc8 $11 {In dieser symmetrische Stellung hat Weiß nur theoretischen Vorteil.
Der Punkt b5 ist schwach und der Bauer auf a5 auch, aber Schwarz hat zum
Ausgleich ausreichendes aktives Figurenspiel.} 25. Qd8+ {Ein schöner Zug, der
aber nur zum Ausgleich führt.} Ne8 (25... Rxd8 $4 26. Rxd8+ $18) 26. Qxa5 Qxe2
27. Rd8 {Weiß hat nichts besseres als den Partiezug, der zur sofortigen
Punkteteilung führt.} Qe1+ 28. Kg2 Qe4+ 29. Kg1 (29. Kh3 Rxd8 30. Qxd8 Qf5+ $11
) 29... Qe1+ 30. Kg2 Qe4+ 31. Kg1 Qe1+ {Und remis mit Dauerschach.} 1/2-1/2

[Event "Linz"]
[Site "Linz"]
[Date "1997.05.19"]
[Round "3"]
[White "Rogers, Ian"]
[Black "Almasi, Zoltan"]
[Result "0-1"]
[WhiteElo "2600"]
[BlackElo "2595"]
[Annotator "Ribli,Z"]
[PlyCount "144"]
[EventDate "1997.05.17"]
[EventType "tourn"]
[EventRounds "9"]
[EventCountry "AUT"]
[EventCategory "12"]
[SourceTitle "CBM 059"]
[Source "ChessBase"]
[SourceDate "1997.08.01"]
[SourceVersion "1"]
[SourceVersionDate "1997.08.01"]
[SourceQuality "1"]

1. d4 Nf6 2. c4 e6 3. g3 d5 4. Nf3 Be7 5. Bg2 O-O 6. O-O dxc4 7. Qc2 a6 8. Qxc4
{Dieses natürliche Zurückschlagen wird heute selten gespielt. Der Zug 8.a4 ist
in Mode. Ribli. 8. a4 is more popular at the moment, but I don't like the weak
b4-square!} b5 9. Qc2 Bb7 10. Bg5 {Ich möchte bemerken, daß es noch zwei
andere Läuferzuege gibt : 10.Bd2,und 10.Bf4. Die weiße Strategie ist klar, er
gibt seinen Läufer mit Bxf6 auf und spielt Nd2-b3. Wenn er den Vorstoß c7-c5
vermeiden kann, hat er großen Positionsvorteil wegen der schwachen schwarzen
Felder c5 und c6. Ribli.} (10. Bf4) (10. Bd2) 10... Nbd7 11. Nbd2 {[%csl Rc5]
[%cal Rd2b3,Rb3c5]} Rc8 12. Bxf6 Nxf6 13. Nb3 {[%csl Ra5,Rc5]} c5 $8 {Mittels
zeitweiligen Bauernopfers kann Schwarz die Stellung ausgleichen. Ribli.} 14.
dxc5 Be4 (14... Bd5 15. Ne1 Bxg2 (15... Bxb3 16. Qxb3 Bxc5 (16... Rxc5 17. Nd3
Rc8 18. a4 Qa5 19. axb5 Qxb5 20. Qxb5 axb5 21. Ra7 Bd6 22. Rb7 Rb8 23. Rxb8
Rxb8 24. Ra1 {1-0 Konopka,M-Maros,M/SVK-ch 1993 (42)}) 17. Nd3 Bd6 18. a4 e5
19. axb5 axb5 20. Bh3 Rb8 21. Nb4 {1-0 Konopka,M-Breyther,R/BL2-N 1994 (38)})
16. Nxg2 Qc7 (16... Nd7 17. Rfd1 Qc7 18. Nf4 Nxc5 19. Nxc5 Bxc5 20. Qe4 Qc6 {
Larsen,B-Shneider,A/Aars 1995/1/2-1/2 (57)}) 17. Rfd1 Bxc5 18. Nxc5 Qxc5 19.
Qxc5 Rxc5 20. Rac1 Rxc1 21. Rxc1 Rd8 22. Nf4 {Konopka,M-Harasta,V/SVK-chT 1995/
1-0 (75)}) (14... a5 15. a4 Be4 16. Qc3 b4 17. Qe3 Bd5 18. Rfd1 (18. Rfc1 Nd7
19. Nfd2 {1/2-1/2 Baburin,A-Wells,P/Ubeda op 1996}) 18... Qc7 19. Nfd4 (19.
Rac1 $5 Bxb3 20. Qxb3 Bxc5 21. e3 $14) 19... Bxg2 20. Kxg2 Bxc5 21. Rac1 Bxd4
22. Qxd4 Qb7+ 23. Kg1 Qa6 24. Qe5 Nd5 25. e4 $1 $146 (25. Nc5 Qc6 26. Rd2 Nb6
27. Rdc2 Rcd8 28. Nb3 Rd1+ $1 29. Rxd1 Qxc2 {Andersson,U - Petursson,M/ Reggio
Emilia/1989/ (34)}) 25... Nb6 26. Rxc8 {1-0 Hansen,L-Hansen,S/DEN-ch 1996 (40)}
) 15. Qc3 Bd5 16. Ne1 (16. Rfd1 Ne4 {A natural, but seldomly played move.} 17.
Qe1 (17. Qe3 $5) 17... Qc7 18. Nfd2 Bxb3 19. Nxb3 Nxc5 20. Rac1 Qb6 21. Qa5 {
1/2-1/2 Andersson,U-Beliavsky,A/It, Ubeda ESP 1997 (41)}) 16... Bxg2 17. Kxg2
Bxc5 $11 {Wir haben eine symmetrische Bauernstellung, in der Weiß nur
symbolische Vorteil hat. Die schwarze Bauern am Damenflügel sind ein wenig
schwach. Ribli.} (17... Qd5+ 18. Qf3) 18. Nxc5 Qd5+ 19. Qf3 Rxc5 (19... Qxc5
20. Nd3 $11) 20. Qxd5 Nxd5 (20... Rxd5 21. Nd3 e5 $5 22. Nb4 Rd2 $15) 21. Nd3 {
[%csl Gd3] Das ist ein typisches Motiv in der Katalanischen Verteidigung. Der
Springer steht sehr fest auf d3, und hält die wichtige Punkten. Ribli.} Rc2 22.
Kf3 {Weiss hat aktiven Koenig,was ist immer vorteilhaft im Endspiel.Ribli.}
Rfc8 23. Rac1 Kf8 24. Rxc2 Rxc2 25. Rc1 Rxc1 26. Nxc1 Ke7 27. e4 Nb6 28. e5 $14
{Weiß hat geringen Vorteil. Die schwarzen Bauern sind ein wenig schwach am
Damenfluegel, und Weiß hat auch Raumvorteil. Aber ich glaube, daß der weiße
Vorteil so minimal ist, daß die Partie mit Remis enden muß. Ribli.} Kd7 (28...
Nc4 29. Nd3) 29. Ke4 a5 {Ein Verteidigungszug, der gegen das mögliche Nb3
gerichtet ist. Ribli.} 30. Kd4 Kc6 31. Nd3 Nc4 32. h4 {Weiss will mit
folgendem 33.h5 mehr Raum gewinnen.Ribli.} h5 33. b4 Kb6 $5 {Schwarz hält die
Spannung aufrecht und nimmt den Bauern noch nicht. So vermeidet er
Springerschachs. Ribli.} (33... axb4 34. Nxb4+ Kb6 35. Nd3 Kc6 36. a4 $5 (36.
Nf4 g6 37. Nh3 $5)) 34. Nf4 g6 35. Nh3 $13 axb4 36. Ng5 {[%cal Rg5f7]} Na5 $8 {
Schwarz verteidigt sich ausgezeichnet. Der Springer stand ästhetisch schön auf
c4, aber in Wirklichket leistete er dort nichts. Ribli.} 37. Nxf7 Nc6+ 38. Ke4
Ka5 (38... Kc5 39. Nd6 {[%csl Rc5] Und der schwarze König kann nicht vorrücken.
Ribli.}) 39. Ng5 Nd8 40. Kd4 Nc6+ $1 (40... Ka4 41. Kc5 $16) 41. Ke4 Nd8 42.
Kd4 Nc6+ $8 {Weiß riskiert einiges, aber es gibt keine realen Gewinnchancen.
Ribli.} 43. Ke4 {Es scheint, daß die Partie mit Zugwiederholung endet. Ribli.}
Nd8 44. f4 Ka4 $15 45. Kd4 b3 46. axb3+ Kxb3 47. Kc5 b4 48. Ne4 Nf7 $1 {
Schwarz verhindert, daß der weiße König auf d6 eindringt und hält die Stellung.
Ribli.} (48... Ka3 49. Nd2 b3 50. Kd6 b2 51. Kd7 Nb7 52. Kxe6 Nc5+ 53. Kd5 Nb3
54. Nc4+ $18) 49. Kc6 $2 (49. Kb5 Nd8 50. Kc5 $11) (49. Ng5 $5 Nd8 (49... Nxg5
50. hxg5 Kc3 51. f5 $13) 50. Ne4 $11) 49... Kc4 {Schwarz hat eine schlaue Idee,
die Weiß übersieht. Ribli.} 50. Kd7 Kd5 {[%csl Gd5]} 51. Nd2 Nxe5+ $1 {Das ist
eine Überraschung für Weiß. Schwarz übernimmt die Führung der Partie. Es
scheint, daß der früher aktive weiße Künig von seinen Bauern abgeschnitten ist.
Ribli.} 52. fxe5 Kxe5 {[%csl Rg3,Rh4][%cal Re5f5,Rf5g4,Rg4g3,Rg3h4] Weiß kann
praktisch nichts machen gegen den siegreichen schwarze Königsmarsch. Ribli.}
53. Kc6 (53. Ke7 Kf5 54. Kd6 Kg4 55. Kxe6 Kxg3 56. Kf6 Kxh4 57. Kxg6 Kg4 {
Weiß kann nicht den b- und h-Bauern gleichzeitig halten. Ribli.}) 53... Kf5 54.
Kb5 Kg4 55. Kxb4 Kxg3 56. Kc3 Kxh4 57. Kd3 Kg3 (57... g5 58. Ke2 {Das wäre
nicht so leicht. Schwarz schließt den weißen König aus. Ribli.}) 58. Ke2 h4 59.
Kf1 g5 60. Nc4 Kf4 $1 {Der schwarze König spielt eine aktive Rolle. Jetzt
hilft er dem e-Bauer. Ribli.} 61. Nb2 g4 62. Nd3+ Kf5 $1 {[%csl Rd3] Schwarz
engt den weißen Springer ein, und bereitet gleichzeitig den Marsch des
e-Bauern vor. Ribli.} 63. Kf2 e5 {[%cal Ge5e2,Re5e1,Rg4g1,Rh4h1] Das Vorrücken
des e-Bauern entscheidet den Kampf. Ribli.} 64. Ke3 g3 (64... h3 $2 65. Kf2 {
Und Weiß kann mit nachfolgendem Kg3 blockieren. Schwarz muß diese
Blockadestellungen vermeiden. Ribli.}) 65. Nc5 (65. Kf3 e4+ $19) 65... h3 66.
Kf3 g2 67. Kf2 e4 $19 {Es ist interessant, daß der Springer keinen Platz
findet. Ribli.} 68. Kg1 Kf4 69. Kh2 (69. Ne6+ Kg3 $19) 69... Kf3 70. Kg1 e3 71.
Kh2 e2 72. Nd3 Ke3 (72... Ke3 73. Ne1 Kf2 74. Nd3+ Kf1 $19) 0-1

[Event "Najdorf Memorial 8th"]
[Site "Buenos Aires"]
[Date "1997.05.25"]
[Round "6"]
[White "Adianto, Utut"]
[Black "Zarnicki, Pablo Adrian"]
[Result "1-0"]
[WhiteElo "2615"]
[BlackElo "2560"]
[Annotator "Ribli,Z"]
[PlyCount "137"]
[EventDate "1997.05.19"]
[EventType "tourn"]
[EventRounds "9"]
[EventCountry "ARG"]
[EventCategory "13"]
[SourceTitle "CBM 060"]
[Source "ChessBase"]
[SourceDate "1997.09.29"]
[SourceVersion "1"]
[SourceVersionDate "1997.09.29"]
[SourceQuality "1"]

1. Nf3 {Hecht} Nf6 2. g3 d5 3. c4 e6 {In dieser Zugfolge scheint mir 3...dxc4
besser zu sein mit guten Ausgleichchancen.} 4. Bg2 Be7 (4... dxc4 5. Qa4+ Nbd7)
5. O-O O-O 6. d4 dxc4 7. Qc2 a6 8. Qxc4 (8. a4 $5) 8... b5 9. Qc2 {Weiß hat
ein Paar Tempi "verloren" mit 7.Qc2, 8.Qxc4, 9.Qc2, aber Schwarz hat einen
schwachen Damenflügel. Beseonders der Punkt c5 ist eine Schwächung. Gelingt es
Schwarz c7-c5 zu spielen, kann er ausgleichen.} Bb7 10. Bf4 {Das ist mein
Lieblingszug. Weiss riskiert nichts. Bei gutem Spiel kann Schwarz ausgleichen,
aber nicht mehr.} (10. Bd2) (10. Bg5) 10... Nc6 (10... Nd5 11. Nc3 Nxf4 12.
gxf4 Nd7 13. Rfd1 Qc8 14. Ne4 $1 c5 15. dxc5 Nxc5 16. Nxc5 Qxc5 17. Qxc5 Bxc5
18. Rac1 Rfc8 19. Ne5 $14 {Ribli,Z-Karpov,An/Amsterdam/1980/INF30,504/}) 11.
Rd1 (11. Nc3 $5 Nb4 (11... Nxd4 12. Nxd4 Bxg2 13. Nxe6 $16) 12. Qb1) 11... Nb4
12. Qc1 Rc8 {Natürlich möchteSchwarz den Zug c7-c5 durchsetzen.} (12... Qc8 13.
Bg5 $5 c5 14. Bxf6 gxf6 15. Nc3 Rd8 16. a3 Nd5 17. Nxd5 Bxd5 18. dxc5 Qxc5 19.
Qxc5 Bxc5 20. Ne1 Bxg2 21. Kxg2 $14 {Agzamov,G-Karpov,An/USSR/1983/INF35,583/})
13. Nc3 Nbd5 14. Nxd5 (14. Be3 $5 c6 (14... Qd6 15. Nxd5 Nxd5 16. Bg5 c5 17.
Bxe7 Qxe7 18. dxc5 Rxc5 19. Qd2 Nf6 (19... Rfc8 20. Ne1 h6 21. Rac1 Rxc1 22.
Rxc1 Rxc1 23. Qxc1 Nf6 24. Nd3 $14 {Andersson,U-Georgiev,Kir/Sarajevo (15)/
1985/1-0 (45)}) 20. Rac1 (20. Qd6 Qxd6 21. Rxd6 Rfc8 (21... Rc2 $2 22. Nd4 Rc7
23. Bxb7 Rxb7 24. Rxa6 $16) 22. Ne1 Bxg2 23. Kxg2 {1-0 Horvath,J-Wells,P/
Odorheiu Secuiesc 1993 (37)}) 20... h6 21. Rxc5 Qxc5 22. Rc1 Qb6 23. Ne5 Bxg2
24. Kxg2 Qb7+ 25. f3 Rc8 26. Rxc8+ Qxc8 {1/2-1/2 Andersson,U-Beliavsky,A/
EU-chT Debrecen 1992 (32)}) 15. Ne5 Qb6 16. Nxd5 cxd5 17. Qd2 b4 18. Bg5 Rc7
19. Rac1 Rfc8 20. Rxc7 Rxc7 21. Rc1 {Andersson,U-Beliavsky,A/Reggio Emilia8990
1989/1-0 (62)}) 14... Bxd5 {[%csl Rc5,Gd5] Schwarz hat einen guten Läufer auf
der großen Diagonalen. Sein einziges Problem ist der geschwächte Damenflügel.}
(14... Nxd5 15. Bg5 c5 16. dxc5 Qe8 (16... Rxc5 $2 17. Qxc5 $18) 17. Bxe7 Qxe7
18. Ne5 Rxc5 19. Qd2 Nc3 (19... Qc7 20. Nd3 Rc2 21. Qe1 Nf6 22. Bxb7 Qxb7 23.
Rac1 Rxc1 24. Rxc1 Rc8 25. Rxc8+ Qxc8 26. Qb4 Qc7 27. Qc5 Ne8 28. f3 f6 29. Kf2
$10 {Ribli,Z-Gligoric,S/Novi Sad/1982/}) 20. Nd3 Nxd1 21. Nxc5 Qxc5 22. Rxd1
Bxg2 23. Kxg2 h6 {1/2-1/2 Ribli,Z-Speelman,J/Moscow olm 1994 (29)}) 15. Be3 {
Der weiße e-Bauer ist nicht mehr beweglich nach diesem Zug. Wichtiger aber ist,
daß Weiß den Zug c7-c5 verhindert.} Be4 (15... Bd6 16. Ne1 Qe7 17. Nd3 h6 18.
Rd2 c6 19. Rc2 Qb7 20. Qf1 Rc7 21. Bf4 Bxf4 22. Nc5 Qb6 23. gxf4 {1/2-1/2
Steckner,J-Korneev,O/Hamburg op 1992 (41)}) (15... c6 16. Ne1 (16. Ne5 Bxg2 17.
Kxg2 Qd5+ 18. Nf3 Ng4 19. h3 Nxe3+ 20. Qxe3 c5 21. dxc5 Qxc5 {1/2-1/2
Zimmerman,Y-Estrada,N/Budapest FS12 IM 1994 (31)}) 16... Qb6 $5 (16... Ng4 17.
Bf3 Nxe3 18. Qxe3 Bf6 19. Qa3 Bxf3 20. Nxf3 Qb6 21. Rac1 (21. b4 $1) 21... Rfd8
22. b4 g6 (22... Bxd4 23. Nxd4 Rxd4 24. Rxd4 Qxd4 25. Qxa6 Qd7 26. Rc3 $14) 23.
e3 {1/2-1/2 Suat,A-Vaganian,R/Manila olm 1992 (41)}) (16... Bxg2 17. Kxg2 Nd5 (
17... Qd5+ 18. f3 e5 19. dxe5 Qxe5 20. Nd3 Qf5 21. Bc5 Bxc5 22. Qxc5 Qxc5 23.
Nxc5 {Nielsen,P-Hansen,S/Aars 1995/1/2-1/2 (81)}) 18. Nd3 Nxe3+ 19. Qxe3 Qd5+
20. f3 c5 21. dxc5 Bxc5 22. Nxc5 Qxc5 23. Qxc5 Rxc5 24. Rac1 Rxc1 (24... Rcc8
25. b4 g6 $10 {Khalifman,A-Lutz,C/Wijk/CBM45/1995/}) 25. Rxc1 Rd8 26. Rc6 Kf8
27. Rxa6 Rd2 28. Kf2 Rxb2 29. a4 {1/2-1/2 Piket,J-Adams,M/Amsterdam Donner
mem-A 1994}) 17. Nd3 Bxg2 18. Kxg2 Nd5 19. Nf4 Nxf4+ 20. Bxf4 c5 21. Qe3 c4 22.
d5 Qxe3 23. Bxe3 Rfd8 24. dxe6 fxe6 25. Rxd8+ Rxd8 26. Rc1 Bf6 27. Rc2 Rd1 {
Dizdarevic,E-Huzman,A/EU-chTM 1997/0-1 (52)}) (15... Ng4) (15... Nd7) 16. Ne1 {
[%cal Ye1d3,Yd3c5] Der schwarze Läufer ist so stark auf e4, daß Weiß ihn
tauschen muß. Der Springer zielt nach c5.} Bxg2 17. Kxg2 Qd5+ (17... Nd5) 18.
f3 $14 {Der Läufer steht unnatürlich auf e3. Deshalb bereitet Weiß Bf2 vor,
und möglicherweise e2-e4.} Nd7 19. Bf2 f5 {Schwarz verhindert 20.e2-e4,aber
auf diese Weise erschwacht seine Stellung.Ribli.} (19... c5 20. dxc5 Qc6 21. b4
) 20. Nd3 e5 (20... c6) (20... Bf6 21. Nb4 {[%csl Ra6,Rc6]} Qb7 22. Qc6 Qxc6
23. Nxc6 {[%csl Gc6] Weiß hat einen kleinen aber dauerhaften Vorteil. Schwarz
hat Bauern- und Felderschwächen.}) 21. dxe5 Nxe5 22. Nc5 Qc6 (22... Qa8 $14 {
Die Dame steht passiv auf a8.}) 23. Nd7 {Nach der Eröffnung kommt sofort das
Endspiel. Jetzt hat Schwarz keine Hoffnungen mehr auf aktives Gegenspiel.} Qxc1
24. Raxc1 Nxd7 25. Rxd7 {[%csl Gd7]} Bf6 (25... Bd6 26. Bd4 {[%csl Rg7]} Rf7
27. Rxd6) 26. b3 Rfd8 {Schwarz verteidigt nicht seinen c7-Bauern, sondern
strebt nach Gegenspiel.} (26... Be5 27. f4 Bd6 28. Bd4 {[%csl Rg7]} Rf7 29.
Rxd6 $18) 27. Rxd8+ (27. Rcxc7 Rxc7 (27... Rxd7 $2 28. Rxc8+) 28. Rxc7 Rd2 $132
{[%csl Gd2][%cal Rd2e2,Rd2a2]}) 27... Rxd8 28. Be1 {Weiß überdeckt das
mögliche Einbruchsfeld d2. außerdem droht 29.Ba5.} (28. Be3) 28... Be5 (28...
Rd7 29. Rc6) 29. Ba5 {[%csl Rc7]} f4 30. Rc6 {[%csl Ra6,Gc6]} (30. Bxc7 $2 Rc8
31. Bxe5 Rxc1 32. Bxf4 Rc2 $17) 30... Ra8 31. Bd2 $5 (31. Bxc7 $2 Rc8) 31...
fxg3 {Schwarz muß auf g3 nehmen. Das stärkt die weiße Bauernphalanx.} (31... g5
32. Kh3) 32. hxg3 Kf7 33. f4 Bd6 34. Ba5 {Jetzt droht 35.Bxc7. Auf 35...Rc8
folgt dann 36.Rxc6.} Ra7 $8 35. e4 Ke8 36. e5 $16 {[%csl Ga5,Ra7,Gc6] Weiß hat
einen aktiven Turm, einen aktiven Läufer und die weißen Bauern sind auch
gefährlich.} Kd7 37. Rc2 Be7 38. f5 {[%csl Ge5,Gf5]} Rb7 (38... c5 39. Bb6 Rb7
40. Bxc5 Rc7 41. Rd2+ $16 (41. b4)) 39. b4 {Weiß verhindert den mögliche
Befreiungszug c7-c5.} c5 $8 {Schwarz war praktisch in Zugzwang.Mit diesem
Bauernopfer bekommt er ein wenig Freiheit.} 40. bxc5 Kc6 {[%csl Gc6]} 41. e6 {
Verhindert 41...Rd7.Ribli.} Rb8 (41... g6 42. fxg6 (42. g4 h5 43. gxh5 (43.
fxg6 hxg4 44. g7 Rb8 45. Kg3 {[%csl Gg7]}) 43... gxf5) 42... hxg6 43. Bb6 (43.
Kf3)) 42. Rd2 Kxc5 43. Bc3 $1 {[%csl Gc3]} (43. Rd7 Bf6 {[%csl Gf6]}) 43... Bf6
(43... g6 44. f6 $18) (43... Rg8 44. Rd7 {[%csl Gd7]}) 44. Bxf6 gxf6 45. Rd7 {
In diesem Turmendspiel hat Weiß gute Gewinnchancen. Der gedeckte e6-Freibauer
und der aktive Turm auf d7 machen die schwarze Position kritisch.} a5 46. Rf7
b4 47. Rxf6 Kd6 (47... a4 48. e7 b3 (48... Re8 49. Re6 b3 50. axb3 axb3 51. f6
$18) 49. axb3 axb3 50. Rf8 $18) 48. Rf7 a4 49. e7 Re8 (49... b3 50. axb3 axb3
51. Rf8 $18) 50. f6 b3 51. axb3 axb3 52. Rf8 Kd7 (52... b2 53. Rxe8 b1=Q 54.
Rd8+ $18) 53. f7 $8 (53. Rxe8 $4 Kxe8 $19) 53... Rxe7 54. Rd8+ Kxd8 55. f8=Q+ {
[#] Hecht Dame gegen Turm bei 1-1 Bauern nach dem Fall von b3 verspricht einen
leichten Gewinn. Plan für Weiß. Marsch des Königs längs der h-Linie bis h6.
Danach Eroberung von h7 durch Zugzwang bzw. Opfer der Dame gegen den Turm.
Einfache Technik! Ribli: Mit forcierten Zügen haben wir eine Stellung erhalten,
in der Weiß großen Materialvorteil besitzt. Prinzipiell gewinnt die Dame gegen
den Turm, aber es gibt einige Remisstellungen.} Kd7 {Schwarz kann nicht seinen
b-Bauern halten.Ribli.} (55... Re8 56. Qd6+ Kc8 57. Qc6+ Kd8 58. Qb6+ $18) 56.
Qb8 Ke6 (56... Re3 57. Qa7+ $18) (56... Re2+ 57. Kf3 Rb2 58. Qb7+ {Ribli: Und
es kommt 59.Qxh7 mit weißem Gewinn.}) 57. Qxb3+ Kf6 58. Qg8 Rg7 59. Qf8+ Kg6
60. Kh3 $18 {[#] Hecht Man bedenke, daß es sehr wohl Remisstellungen o h n e
den Bg3 gibt, beispielsweise mit sTg5 gedeckt vom Bh6 und dem sK am Bauern.
Doch m i t dem Bg3 verliert Schwarz stets durch Zugzwang respektive das Opfer
der Dame gegen den Tum. Die Übung ist leicht. Man folge einfach den Zügen in
der Partie.   Ribli: Der Königsvormarsch entscheidet den Kampf.} (60. Kf3 $4
Rf7+ $11) 60... Rf7 61. Qg8+ Kf6 62. Kh4 Rg7 63. Qf8+ Kg6 (63... Rf7 64. Qd6+
Kg7 65. Kg5 $22 $18) 64. Qf4 Rg8 $8 (64... Rf7 65. Qg5#) (64... Re7 65. Qg5+
Kf7 66. Kh5 $18) (64... Ra7 65. Qe4+ Kh6 (65... Kf6 66. Qd4+ $18) (65... Kg7
66. Qd4+) 66. Qe3+ $18) 65. Qg5+ Kf7 66. Qf5+ Kg7 67. Kh5 Rf8 (67... Kh8 68.
Qf6+ Rg7 69. Kh6 $18) 68. Qg5+ Kf7 (68... Kh8 69. Qe5+ (69. Kh6 $18) 69... Kg8
70. Kh6 Rf6+ 71. Kh5 (71. Qxf6 $11)) 69. Kh6 {Ribli: Und Schwarz gab auf, er
verliert den h-Bauern.} 1-0